LEADER 01199nam a2200229 i 4500 001 000000155374 003 CaOOAMICUS 005 20061108000000.0 008 061108s1928 it u000 u fre u 013 $a132726 040 $aSeMil$bita 100 1 $aBréhier, Louis <1868-1951>.$0(OLS)http://semarc/name/20731 245 12$aL'art chrétien :$bson développement iconographique des origines a nos jours /$cLouis Brehier professeur a l'Université de Clermont. 250 $adeuxième édition, revue et complétée. 260 $aParis :$bRenouard,$c1928. 300 $a480 p. :$bill., 16 p. di tav. ;$c28 cm. 500 $aContiene : Bibliographie. - In mezzo al front : ouvrage illustré de deux cent quatre-vingt-dix gravures et de seize planches hors texte. - (Académie des inscriptions et belles lettres : prix fould). 650 4$aIconografia sacra.$0(OLS)http://semarc/subject/416 850 $aSeMil 852 $aSeMil$W1$xVenegono$y1$m5M IX 55$j107211$B107211$CSeMilBibl$Z2$F116593 $8I 996 $6245$aL'art chrétien :$bson développement iconographique des origines a nos jours$9(OLS)http://semarc/title/227528 996 $6260$aParis :$bRenouard$9(OLS)http://semarc/publisher/34434 LEADER 00715naa a2200157 i 4500 001 000000306895 003 CaOOAMICUS 005 20180831172905.0 008 180831n it u000 u ita u 013 $a15468 040 $aSeMil$bita 100 1 $aLuzzago, Alessandra.$0(OLS)http://semarc/name/39271 245 10$aAspetti criminologici e riflessi giuridici dei conflitti di coppia. 700 1 $aBarbieri, Cristiano.$0(OLS)http://semarc/name/39270 773 0 $tCoppia coniugale.$dCittà del Vaticano : Libreria Editrice Vaticana, 2007.$kStudi giuridici $z978-88-209-7857-0$gp.117-146$w()131478 996 $6245$aAspetti criminologici e riflessi giuridici dei conflitti di coppia$9(OLS)http://semarc/title/382294